[Event "Cracovia Chess Festival A 2021"]
[Site "Cracow"]
[Date "2022.01.04"]
[Round "9.1"]
[White "Jarmula, Lukasz"]
[Black "Licznerski, Lukasz"]
[Result "1/2-1/2"]
[WhiteElo "2426"]
[BlackElo "2411"]
[Annotator "ChessBase"]
[PlyCount "71"]
[EventDate "2021.12.27"]
[EventCountry "POL"]
[SourceTitle "playchess.com"]
[Source "ChessBase"]
[SourceQuality "1"]
[TimeControl "40/5400+30:1800+30"]

1. d4 {[%emt 0:09:11]} Nf6 {[%emt 0:00:03]} 2. Nf3 {[%emt 0:00:06]} g6 {[%emt 0:00:23]} 3. c4 {[%emt 0:00:24]} Bg7 {[%emt 0:00:28]} 4. e3 {[%emt 0:00:08]} d6 {[%emt 0:06:36]} 5. Be2 {[%emt 0:01:25]} O-O {[%emt 0:01:03]} 6. Nc3 {[%emt 0:00:10]} Nbd7 {[%emt 0:01:40]} 7. O-O {[%emt 0:00:19]} e5 {[%emt 0:00:44]} 8. b4 {[%emt 0:00:18]} exd4 {[%emt 0:23:42]} 9. exd4 {[%emt 0:00:20]} c5 {[%emt 0:00:02]} 10. a3 {[%emt 0:01:10]} Nb6 {[%emt 0:07:36]} 11. Be3 {[%emt 0:08:00]} cxb4 {[%emt 0:08:10]} 12. axb4 {[%emt 0:00:08]} Bg4 {[%emt 0:01:05]} 13. Qb3 {[%emt 0:06:44]} Qc8 {[%emt 0:04:21]} 14. Nb5 {[%emt 0:09:04]} Bxf3 {[%emt 0:06:28]} 15. gxf3 {[%emt 0:00:56]} d5 {[%emt 0:01:40]} 16. c5 {[%emt 0:17:14]} Nc4 {[%emt 0:00:19]} 17. Bxc4 {[%emt 0:00:08]} dxc4 {[%emt 0:00:01]} 18. Qxc4 {[%emt 0:00:08]} Qh3 {[%emt 0:00:19]} 19. Ra3 {[%emt 0:05:10]} Qxf3 {[%emt 0:23:41]} 20. Bg5 {[%emt 0:02:44]} Qd5 {[%emt 0:00:51]} 21. Qxd5 {[%emt 0:03:42]} Nxd5 {[%emt 0:00:02]} 22. Rxa7 {[%emt 0:00:40]} Rxa7 {[%emt 0:01:51]} 23. Nxa7 {[%emt 0:00:07]} Nxb4 {[%emt 0:01:44]} 24. Rb1 {[%emt 0:04:03]} Nc6 {[%emt 0:00:41]} 25. Rxb7 {[%emt 0:02:43]} Nxa7 {[%emt 0:00:24]} 26. Rxa7 {[%emt 0:00:06]} Bxd4 {[%emt 0:00:03]} 27. Rc7 {[%emt 0:01:09]} Kg7 {[%emt 0:01:00]} 28. Be7 {[%emt 0:07:00]} Ra8 {[%emt 0:00:57]} 29. Bd6 {[%emt 0:03:32]} Ra2 {[%emt 0:01:25]} 30. Bg3 {[%emt 0:00:13]} Rc2 {[%emt 0:00:28]} 31. c6 {[%emt 0:00:25]} Kf6 {[%emt 0:01:30]} 32. Rd7 {[%emt 0:05:44]} Be5 {[%emt 0:00:24]} 33. Bxe5+ {[%emt 0:01:21]} Kxe5 {[%emt 0:00:01]} 34. Rxf7 {[%emt 0:00:10]} Rxc6 {[%emt 0:00:02]} 35. Rxh7 {[%emt 0:00:09]} Kf6 {[%emt 0:00:01]} 36. Kg2 {[%emt 0:00:10]} 1/2-1/2

[Event "Cracovia Chess Festival A 2021"]
[Site "Cracow"]
[Date "2022.01.04"]
[Round "9.2"]
[White "Sengupta, Deep"]
[Black "Zylka, Stanislaw"]
[Result "1-0"]
[WhiteElo "2520"]
[BlackElo "2406"]
[Annotator "ChessBase"]
[PlyCount "85"]
[EventDate "2021.12.27"]
[EventCountry "POL"]
[SourceTitle "playchess.com"]
[Source "ChessBase"]
[SourceQuality "1"]
[TimeControl "40/5400+30:1800+30"]

1. e4 {[%emt 0:00:12]} e6 {[%emt 0:11:44]} 2. d4 d5 {[%emt 0:00:08]} 3. Nd2 {[%emt 0:00:06]} Be7 {[%emt 0:00:06]} 4. Ngf3 {[%emt 0:01:57]} Nf6 {[%emt 0:00:07]} 5. e5 {[%emt 0:01:51]} Nfd7 {[%emt 0:00:07]} 6. Bd3 {[%emt 0:00:05]} c5 {[%emt 0:00:07]} 7. c3 {[%emt 0:00:02]} b6 {[%emt 0:00:08]} 8. Qe2 {[%emt 0:01:22]} a5 {[%emt 0:00:23]} 9. a4 {[%emt 0:02:09]} Ba6 {[%emt 0:00:30]} 10. Bb5 {[%emt 0:00:07]} O-O {[%emt 0:01:36]} 11. O-O {[%emt 0:00:04]} Qc8 {[%emt 0:00:57]} 12. Rd1 {[%emt 0:06:19]} Nc6 {[%emt 0:04:52]} 13. Nf1 {[%emt 0:01:39]} cxd4 {[%emt 0:26:21]} 14. cxd4 {[%emt 0:01:23]} Bxb5 {[%emt 0:00:21]} 15. axb5 {[%emt 0:09:21]} Nb4 {[%emt 0:02:53]} 16. Ne3 {[%emt 0:02:22]} Ra7 {[%emt 0:02:05]} 17. Bd2 {[%emt 0:00:06]} Rc7 {[%emt 0:00:22]} 18. Bc3 {[%emt 0:01:32]} f5 {[%emt 0:18:53]} 19. Rdc1 {[%emt 0:08:45]} f4 {[%emt 0:12:19]} 20. Nf1 {[%emt 0:01:53]} Rf7 {[%emt 0:01:17]} 21. Qd1 {[%emt 0:02:48]} Nf8 {[%emt 0:00:15]} 22. Ne1 {[%emt 0:06:13]} Qe8 {[%emt 0:00:41]} 23. Qe2 {[%emt 0:00:05]} Ng6 {[%emt 0:00:48]} 24. Nd2 {[%emt 0:00:35]} Bf8 {[%emt 0:03:58]} 25. Ndf3 {[%emt 0:01:48]} Rc4 {[%emt 0:00:44]} 26. Bxb4 {[%emt 0:16:31]} Rxb4 {[%emt 0:00:02]} 27. Rc6 {[%emt 0:00:14]} Ne7 {[%emt 0:00:40]} 28. Rxb6 {[%emt 0:03:28]} Nf5 {[%emt 0:00:02]} 29. Qd2 {[%emt 0:05:54]} h6 {[%emt 0:02:17]} 30. Rxa5 {[%emt 0:03:15]} g5 {[%emt 0:00:38]} 31. h3 {[%emt 0:00:47]} Rc4 {[%emt 0:01:28]} 32. Raa6 {[%emt 0:02:55]} Bb4 {[%emt 0:00:11]} 33. Qd1 {[%emt 0:00:07]} Rfc7 {[%emt 0:04:14]} 34. Nd3 {[%emt 0:08:25]} Bf8 {[%emt 0:01:03]} 35. Rxe6 {[%emt 0:06:32]} Qxb5 {[%emt 0:00:02]} 36. Rf6 {[%emt 0:00:22]} Nxd4 {[%emt 0:01:54]} 37. Ra8 {[%emt 0:02:44]} Rc1 {[%emt 0:01:02]} 38. Nxc1 {[%emt 0:00:03]} Rxc1 {[%emt 0:00:05]} 39. Raxf8+ {[%emt 0:00:53]} Kg7 {[%emt 0:00:01]} 40. R8f7+ {[%emt 0:00:00]} Kg8 {[%emt 0:00:00]} 41. Qxc1 {[%emt 0:00:15]} Ne2+ {[%emt 0:00:15]} 42. Kh2 {[%emt 0:00:05]} Nxc1 {[%emt 0:00:08]} 43. e6 {[%emt 0:00:10]} 1-0

[Event "Cracovia Chess Festival A 2021"]
[Site "Cracow"]
[Date "2022.01.04"]
[Round "9.3"]
[White "Chylewski, Patryk"]
[Black "Warakomski, Tomasz"]
[Result "0-1"]
[WhiteElo "2303"]
[BlackElo "2535"]
[Annotator "TA"]
[PlyCount "66"]
[EventDate "2021.12.27"]
[EventCountry "POL"]
[SourceTitle "playchess.com"]
[Source "ChessBase"]
[SourceQuality "1"]

{[%evp 9,66,15,18,23,26,16,13,-37,12,-36,25,-32,0,-52,0,-109,-108,-117,-116,-123,-119,-119,-118,-153,-148,-150,-164,-168,-167,-154,-162,-177,-175,-166,-174,-174,-167,-170,-170,-163,-137,-154,-153,-283,-283,-268,-263,-292,-307,-419,-441,-432,-431,-508,-500,-500,-488,-612,-502]} 1. d4 f5 2. Nc3 Nf6 3. Bg5 d5 4. Bxf6 exf6 5. e3 Be6 6. h4 {A80: Dutch Defence: Unusual White second moves.} Nc6 7. h5 Qd7 {[#]} 8. Nh3 $146 (8. Nge2 $11) ({Predecessor:} 8. Qf3 Ne7 9. Nce2 Nc8 10. Nf4 c6 11. Nxe6 Qxe6 12. Bd3 Nd6 13. Ne2 Rg8 14. Nf4 {½-½ (62) Gajewski,G (2626)-Potapov,P (2482) Moscow 2019}) 8... O-O-O (8... g5 $15) 9. a3 (9. Nf4 $11) 9... Kb8 (9... g5 $15) 10. Bb5 (10. Nf4 $11) 10... a6 11. Ba4 (11. Bxc6 $11 Qxc6 12. Nf4) 11... Qd6 (11... b5 $15 12. Bb3 g5) 12. b4 (12. Nf4 $11) 12... g5 $17 13. Qd3 Ne7 14. Bb3 f4 15. exf4 Bh6 16. fxg5 fxg5 17. Ng1 Bf5 18. Qg3 Qxg3 19. fxg3 Rhe8 {[%cal Bh8e8,Be8e7,Be7e1][%mdl 32] Hoping for ...Nc6+.} 20. O-O-O g4+ {[%mdl 1024] Black has strong compensation.} 21. Kb2 Bc8 22. Nge2 c6 23. Rd3 Nf5 24. Rf1 Re7 25. Nf4 Rf8 26. Nce2 {[#]} (26. a4 $17 {was necessary.}) 26... Nxg3 $1 $19 {[%mdl 512]} 27. Nxg3 {[%cal Of4d5] Threatens to win with Nxd5!} ({Of course not} 27. Rxg3 {[#]} Rxe2 $1 {[%mdl 512]} 28. Nxe2 Rxf1 $19) 27... Rxf4 28. Rxf4 Bxf4 29. c4 Re1 {Strongly threatening ...Rg1.} 30. cxd5 {Black is clearly winning.} Rg1 31. Kc3 Rxg2 32. Nf1 Rg1 33. Ne3 g3 {Weighted Error Value: White=0.35/Black=0.09 (flawless)} 0-1

[Event "Cracovia Chess Festival A 2021"]
[Site "Cracow"]
[Date "2022.01.04"]
[Round "9.4"]
[White "Horvath, Dominik"]
[Black "Pacan-Milej, Kosma"]
[Result "1-0"]
[WhiteElo "2478"]
[BlackElo "2401"]
[Annotator "TA"]
[PlyCount "55"]
[EventDate "2021.12.27"]
[EventCountry "POL"]
[SourceTitle "playchess.com"]
[Source "ChessBase"]
[SourceQuality "1"]

{[%evp 9,55,24,40,34,17,24,51,43,90,76,94,72,73,74,71,81,166,142,252,239,271,255,342,320,303,310,328,214,229,227,202,203,257,247,311,316,311,317,385,373,434,433,450,454,537,530,510,500]} 1. e4 c6 {[%cal Bc7c6,Bc6c5][%mdl 32]} 2. d4 d5 3. e5 c5 4. c4 e6 5. cxd5 exd5 6. Nf3 {B12: Caro-Kann: Advance Variation.} Nc6 7. Bb5 Be6 8. O-O {[#] White is slightly better.} a6 $146 (8... Rc8 $14) ({Predecessor:} 8... c4 9. b3 cxb3 10. Qxb3 Nge7 11. Ba3 Nf5 12. Bxf8 Kxf8 13. Bxc6 bxc6 14. Rc1 Ne7 {1-0 (41) Gonzalez de la Torre,S (2447)-Etxagibel Larranaga,A (2122) Bergara 2018}) 9. Bxc6+ $16 {White stays focused until the end.} bxc6 10. dxc5 Bxc5 11. Qc2 Qb6 12. Nc3 $36 {[%mdl 2048] [#] Na4 is the strong threat. Black is under strong pressure.} Be7 (12... Qc7 $16) 13. Na4 Qb5 (13... Qc7 $16 14. Be3 Nh6) 14. Nd4 $18 {Pair of Knights!} Qc4 15. Qd1 ({Don't do} 15. Qxc4 $6 dxc4 16. Bf4 (16. Nxc6 Bd5 $16) 16... Rb8 17. Nxe6 (17. Nxc6 Rc8 $16) 17... fxe6 $16) 15... Bc5 {Inhibits Nb6.} 16. Nxc5 ({Not} 16. Nxc6 Bg4 17. Qb3 Qxb3 18. axb3 Ne7 $16) 16... Qxc5 17. Be3 Qe7 18. Nxc6 Qd7 19. Rc1 Rc8 20. Nb4 {[%cal Bc6b4,Bb4a6,Ba6c5][%mdl 32]} Rxc1 21. Qxc1 ({Much less strong is} 21. Bxc1 $6 a5 $16) 21... Ne7 22. Nxa6 O-O 23. Nc5 Qb5 24. a4 Qc6 25. b4 {White is clearly winning.} d4 26. Bxd4 Nf5 27. Nxe6 Qxe6 28. Bc5 {Weighted Error Value: White=0.07 (flawless) /Black=0.40} 1-0

[Event "Cracovia Chess Festival A 2021"]
[Site "Cracow"]
[Date "2022.01.04"]
[Round "9.5"]
[White "Kozak, Antoni"]
[Black "Golubka, Petro"]
[Result "1-0"]
[WhiteElo "2356"]
[BlackElo "2408"]
[Annotator "ChessBase"]
[PlyCount "137"]
[EventDate "2021.12.27"]
[EventCountry "POL"]
[SourceTitle "playchess.com"]
[Source "ChessBase"]
[SourceQuality "1"]
[TimeControl "40/5400+30:1800+30"]

1. Nf3 {[%emt 0:02:35]} g6 {[%emt 0:09:02]} 2. d4 {[%emt 0:04:28]} Bg7 {[%emt 0:06:52]} 3. e4 {[%emt 0:01:28]} d6 {[%emt 0:00:12]} 4. Nc3 {[%emt 0:02:18]} a6 {[%emt 0:00:48]} 5. h3 {[%emt 0:04:24]} b5 {[%emt 0:00:39]} 6. Bd3 {[%emt 0:01:40]} Bb7 {[%emt 0:00:46]} 7. O-O {[%emt 0:03:20]} Nd7 {[%emt 0:00:39]} 8. Ne2 {[%emt 0:00:29]} Ngf6 {[%emt 0:02:11]} 9. Ng3 {[%emt 0:01:01]} c5 {[%emt 0:01:37]} 10. c3 {[%emt 0:00:38]} O-O {[%emt 0:00:06]} 11. Be3 {[%emt 0:21:32]} e5 {[%emt 0:04:21]} 12. d5 {[%emt 0:05:59]} c4 {[%emt 0:00:24]} 13. Bc2 {[%emt 0:00:21]} Qc7 {[%emt 0:00:56]} 14. Qd2 {[%emt 0:01:28]} Kh8 {[%emt 0:03:46]} 15. Nh2 {[%emt 0:03:01]} h5 {[%emt 0:01:07]} 16. f4 {[%emt 0:03:08]} exf4 {[%emt 0:07:50]} 17. Rxf4 {[%emt 0:01:21]} Ne5 {[%emt 0:05:20]} 18. Rf2 {[%emt 0:08:51]} Nh7 {[%emt 0:10:46]} 19. Nf3 {[%emt 0:01:55]} Nxf3+ {[%emt 0:06:43]} 20. Rxf3 {[%emt 0:01:23]} Qe7 {[%emt 0:01:51]} 21. Ne2 {[%emt 0:06:47]} Bc8 {[%emt 0:05:16]} 22. Nd4 {[%emt 0:05:41]} Bd7 {[%emt 0:07:38]} 23. Rff1 {[%emt 0:00:57]} Kg8 {[%emt 0:01:46]} 24. Bf4 {[%emt 0:00:39]} Be5 {[%emt 0:05:01]} 25. Nf3 {[%emt 0:03:03]} Bxf4 {[%emt 0:01:03]} 26. Qxf4 {[%emt 0:00:05]} Rad8 {[%emt 0:02:35]} 27. a4 {[%emt 0:01:01]} bxa4 {[%emt 0:01:48]} 28. Bxa4 {[%emt 0:00:50]} Nf6 {[%emt 0:01:40]} 29. Nd2 {[%emt 0:02:22]} Bxa4 {[%emt 0:00:21]} 30. Rxa4 {[%emt 0:00:21]} Nd7 {[%emt 0:00:05]} 31. Rxc4 {[%emt 0:02:39]} Ne5 {[%emt 0:00:40]} 32. Ra4 {[%emt 0:00:29]} Rb8 {[%emt 0:00:05]} 33. b3 {[%emt 0:00:59]} Qc7 {[%emt 0:02:26]} 34. Qe3 {[%emt 0:00:56]} Rb6 {[%emt 0:01:24]} 35. c4 {[%emt 0:01:31]} Qb7 {[%emt 0:01:10]} 36. Ra3 {[%emt 0:01:04]} Nd7 {[%emt 0:01:37]} 37. Nf3 {[%emt 0:04:38]} Nc5 {[%emt 0:03:22]} 38. e5 {[%emt 0:02:03]} Qe7 {[%emt 0:00:52]} 39. Re1 {[%emt 0:01:25]} dxe5 {[%emt 0:01:00]} 40. Qxe5 {[%emt 0:00:00]} Qxe5 {[%emt 0:00:00]} 41. Rxe5 {[%emt 0:02:46]} Nxb3 {[%emt 0:04:17]} 42. d6 {[%emt 0:05:57]} Rd8 {[%emt 0:00:34]} 43. c5 {[%emt 0:00:56]} Nxc5 {[%emt 0:00:08]} 44. Rxc5 {[%emt 0:00:04]} Rdxd6 {[%emt 0:00:16]} 45. Ra2 {[%emt 0:02:09]} Rbc6 {[%emt 0:00:30]} 46. Rxc6 {[%emt 0:01:41]} Rxc6 {[%emt 0:00:01]} 47. Ne5 {[%emt 0:00:14]} Rc1+ {[%emt 0:05:25]} 48. Kh2 {[%emt 0:00:51]} Re1 {[%emt 0:00:26]} 49. Nd3 {[%emt 0:00:38]} Re3 {[%emt 0:00:51]} 50. Nc5 {[%emt 0:00:09]} Kg7 {[%emt 0:00:51]} 51. Rxa6 {[%emt 0:00:11]} Re5 {[%emt 0:01:26]} 52. Rc6 {[%emt 0:00:41]} h4 {[%emt 0:01:53]} 53. Rc7 {[%emt 0:01:31]} g5 {[%emt 0:00:35]} 54. Nd3 {[%emt 0:04:31]} Rf5 {[%emt 0:02:55]} 55. Rc5 {[%emt 0:05:13]} Kg6 {[%emt 0:00:18]} 56. Rxf5 {[%emt 0:03:10]} Kxf5 {[%emt 0:00:01]} 57. Kg1 {[%emt 0:08:08]} Ke4 {[%emt 0:00:18]} 58. Ne1 {[%emt 0:00:43]} Ke3 {[%emt 0:00:22]} 59. Nf3 {[%emt 0:00:31]} f6 {[%emt 0:00:14]} 60. Kf1 {[%emt 0:00:06]} Ke4 {[%emt 0:01:19]} 61. Kf2 {[%emt 0:00:38]} Kf4 {[%emt 0:00:05]} 62. Nh2 {[%emt 0:00:13]} Ke4 {[%emt 0:00:25]} 63. Ke2 {[%emt 0:00:17]} Kf4 {[%emt 0:00:09]} 64. Kf2 {[%emt 0:00:01]} Ke4 {[%emt 0:00:38]} 65. Ng4 {[%emt 0:00:14]} f5 {[%emt 0:00:32]} 66. Nh2 {[%emt 0:00:03]} Kf4 {[%emt 0:00:16]} 67. Nf3 {[%emt 0:00:12]} g4 {[%emt 0:00:04]} 68. Nxh4 {[%emt 0:00:59]} Kg5 {[%emt 0:00:05]} 69. hxg4 {[%emt 0:00:41]} 1-0

[Event "Cracovia Chess Festival A 2021"]
[Site "Cracow"]
[Date "2022.01.04"]
[Round "9.6"]
[White "Leniart, Arkadiusz"]
[Black "Kokoszczynski, Jan"]
[Result "1/2-1/2"]
[WhiteElo "2472"]
[BlackElo "2273"]
[Annotator "TA"]
[PlyCount "203"]
[EventDate "2021.12.27"]
[EventCountry "POL"]
[SourceTitle "playchess.com"]
[Source "ChessBase"]
[SourceQuality "1"]

{[%evp 9,203,10,18,9,8,-14,-2,-51,-37,-47,-28,-21,-27,-46,-36,-33,-35,-39,-10,-14,-16,-20,-14,-14,-7,-28,95,100,135,133,134,119,120,134,183,188,193,175,228,210,218,210,247,216,263,177,159,174,153,159,172,175,173,170,171,167,177,72,64,71,97,88,81,90,98,16,82,75,95,88,107,106,108,108,98,106,106,106,92,108,98,101,124,130,113,70,69,62,193,179,273,248,512,512,604,496,839,859,864,816,741,634,874,69,69,69,74,74,74,74,85,74,74,73,73,73,72,72,72,73,73,80,187,468,395,383,140,70,70,70,70,66,66,66,66,59,58,58,70,70,70,8,8,8,302,8,8,0,294,47,45,0,0,0,0,0,0,0,0,0,0,0,0,0,0,0,0,0,8,0,0,0,8,0,8,0,0,0,8,0,0,0,8,8,8,0,0,0,8,8,8,8,8,-29993,0,0]} 1. e4 e5 2. Nf3 Nc6 3. d4 exd4 4. Nxd4 Qf6 5. Nf3 Bb4+ 6. c3 {C45: Scotch Game.} Bc5 7. Bg5 Qg6 8. Qd5 (8. Bd3 $11) 8... d6 $1 $15 {[#]} 9. Bb5 $146 ({Predecessor:} 9. Nh4 Qe6 10. Nf5 Qxd5 11. Nxg7+ Kf8 12. exd5 Kxg7 13. dxc6 bxc6 14. Be2 a5 15. Nd2 {1-0 (77) Gevorgyan,M (2255)-Stefanova,A (2476) Moscow 2019}) 9... Bd7 {White must now prevent ...h6.} 10. Nh4 {[%cal Bf3h4,Bh4f5,Bf5e3,Be3c4,Bc4d6][%mdl 32]} Qe6 11. Nf5 Kf8 12. O-O h6 13. Be3 Bxe3 (13... Nf6 $5 {[%cal Rf6d5]} 14. Qxe6 fxe6 $11) 14. Nxe3 Nf6 {[%csl LRd5,LRe4]} 15. Qxe6 fxe6 16. Nd2 g5 17. Bxc6 bxc6 (17... Bxc6 $11 18. f3 Kg7) 18. e5 $1 $16 Nd5 19. Nec4 Ke7 20. exd6+ cxd6 21. Ne4 {Pair of Knights!} Bc8 (21... c5 $16) 22. Ncxd6 $18 (22. Nexd6 $6 Ba6 $14) 22... Ba6 23. Rfd1 Rab8 (23... Rad8 {keeps fighting.}) 24. b3 Rhd8 {[%cal Od5c3]} 25. c4 Nf4 26. g3 Ng6 27. Nc5 Rxd6 28. Rxd6 Kxd6 29. Nxa6 {[%mdl 4096] Endgame KRN-KRN} Rf8 30. Rd1+ Ke7 31. Kg2 Ne5 32. h3 h5 33. Re1 (33. Nc5 $18) 33... Nd3 $16 {[%csl LRe1,LRf2]} 34. Re2 g4 35. hxg4 hxg4 36. Rd2 Rf3 37. a3 ({White should try} 37. c5 $1 $16) 37... Nc1 (37... Kf6 $11) 38. Nb8 Nxb3 39. Nxc6+ Kf6 40. Rd8 Rc3 41. Rf8+ Kg5 42. Ne5 {White is more active.} Nd2 43. Rf4 Rxa3 44. c5 {Threatens to win with c6.} (44. Rxg4+ Kf5 45. f4 Ra2 $14) 44... Rc3 45. c6 Rc5 46. Rxg4+ Kf5 {[#]} 47. f4 (47. Rh4 $1 $16) 47... Rc2 $14 48. Kh3 a5 ({Black should play} 48... Nf1 $1 $14 49. Rg5+ Ke4) 49. Rg7 $18 Nb3 (49... Nf1 {might work better.} 50. Rf7+ Ke4) 50. Ra7 {Strongly threatening c7.} Ke4 $2 (50... Nd4 51. Rxa5 Ke4) 51. c7 Kd5 52. g4 Kd6 (52... a4 $142 53. g5 Nd4) 53. Nf7+ Kd7 54. g5 Nd4 55. g6 Nf5 56. g7 $2 (56. c8=R+ $18 Kxc8 57. Nd6+ $1 {[%mdl 512]} Kb8 58. Rb7+ Ka8 59. Nxf5 Rc3+ 60. Kh4 Kxb7 61. g7 $1 exf5 62. g8=Q) 56... Rc3+ $14 57. Kh2 Nxg7 58. c8=Q+ (58. Rxa5 Nf5 $11) 58... Kxc8 59. Nd6+ {[%mdl 64] Discovered Attack} (59. Rxa5 Rf3 $11) 59... Kb8 60. Rb7+ ({Much weaker is} 60. Rxa5 $6 Rf3 $11) 60... Ka8 61. Rxg7 $16 {White wants to mate with Rg8+. KRN-KR} Rf3 62. Rf7 a4 63. Kg2 Rb3 64. Rc7 a3 65. Rc4 Kb8 (65... Rb2+ $16 {was worth a try.} 66. Kf3 Kb8) 66. Ra4 $1 $18 Rb2+ 67. Kf3 a2 68. Nc4 (68. Ne4 $1 $16 {[%cal Re4c5]}) 68... Rc2 $1 $14 {[%cal Oc2c4]} 69. Ne3 Rb2 70. Ke4 {Nc4 is the strong threat.} Kc7 {[%cal Ob2b4]} 71. Ra8 Kb7 72. Ra3 Kc6 73. Nc4 Re2+ 74. Kd4 Kb5 75. Ra5+ (75. Ra8 $14) 75... Kb4 $11 76. Ra8 {Intending Rb8+ and mate.} Kb3 $2 {[%mdl 8192]} (76... Rf2 {leads to mate.} 77. Rb8+ Ka4 78. Kc5) (76... Rh2 $1 $11 {and Black is okay.}) 77. Ra3+ $2 ({Only move:} 77. Kc5 $1 $18 Re1 78. Ra3+ Kc2 79. Rxa2+ Kd3 80. Rd2+ Ke4 81. Rd4+ Kf5 82. Kb4) 77... Kb4 78. Ra8 $2 {[%mdl 8192]} (78. Ra7 $11 Rh2 79. Ne3) 78... Kb3 $18 {[#]} (78... Rf2 79. Rb8+ Ka4 80. Kc5) 79. Kd3 $2 (79. Kc5 $1 $18 {Ra3+ would kill now.} Re1 80. Ra3+ Kc2 81. Rxa2+ Kd3 82. Rd2+ Ke4 83. Rd4+ Kf5 84. Kb4) 79... Rf2 $14 80. Nd2+ (80. Rb8+ $14 {was preferrable.} Ka4 81. Ra8+ Kb3 {[#]} 82. Ke3 $1) 80... Kb2 $11 81. Nc4+ Kb1 82. Nd2+ Kb2 $1 83. Rb8+ Kc1 84. Nb3+ Kb1 $1 85. Nd2+ Kc1 86. Nb3+ Kb1 $1 87. Nd4+ Kc1 88. Ra8 Kb1 89. Rb8+ Kc1 {And now ...Rd2+ would win.} 90. Ke3 Rb2 91. Rh8 {[%cal Rh8h1]} Rg2 92. Ne2+ Kb2 (92... Rxe2+ {gets mated.} 93. Kxe2 a1=Q 94. Rh1+ Kb2 95. Rxa1 Kxa1 96. Ke3 Ka2 97. Ke4) 93. Rb8+ Ka3 94. Ra8+ Kb2 95. Rb8+ Ka3 96. Kf3 Rh2 97. Ra8+ Kb2 98. Rb8+ Ka3 $132 {[%mdl 2048] Black is fighting back} 99. Nd4 a1=Q 100. Ra8+ Kb2 101. Ra7 $2 {[%mdl 8192]} Qa2 $2 102. Rxa2+ {What a fight!  Weighted Error Value: White=0.28 (precise) /Black=0.26 (precise)} 1/2-1/2

[Event "Cracovia Chess Festival A 2021"]
[Site "Cracow"]
[Date "2022.01.04"]
[Round "9.7"]
[White "Niedbala, Bartlomiej"]
[Black "Pniaczek, Marek"]
[Result "1-0"]
[WhiteElo "2385"]
[BlackElo "2329"]
[Annotator "ChessBase"]
[PlyCount "55"]
[EventDate "2021.12.27"]
[EventCountry "POL"]
[SourceTitle "playchess.com"]
[Source "ChessBase"]
[SourceQuality "1"]
[TimeControl "40/5400+30:1800+30"]

1. d4 {[%emt 0:07:08]} Nf6 {[%emt 0:00:05]} 2. c4 {[%emt 0:00:06]} b6 {[%emt 0:00:10]} 3. Nc3 {[%emt 0:00:08]} Bb7 {[%emt 0:00:22]} 4. Qc2 {[%emt 0:00:08]} e6 {[%emt 0:00:33]} 5. e4 {[%emt 0:00:55]} Bb4 {[%emt 0:10:09]} 6. Bd3 {[%emt 0:01:35]} Nc6 {[%emt 0:14:16]} 7. Nf3 {[%emt 0:05:49]} d5 {[%emt 0:14:06]} 8. cxd5 {[%emt 0:05:30]} exd5 {[%emt 0:00:25]} 9. e5 {[%emt 0:00:27]} Ne4 {[%emt 0:03:07]} 10. O-O {[%emt 0:07:00]} Bxc3 {[%emt 0:02:55]} 11. bxc3 {[%emt 0:00:33]} Ne7 {[%emt 0:05:37]} 12. Ng5 {[%emt 0:05:15]} Nxg5 {[%emt 0:00:52]} 13. Bxg5 {[%emt 0:00:02]} h6 {[%emt 0:00:50]} 14. Bh4 {[%emt 0:00:47]} Qd7 {[%emt 0:11:35]} 15. f4 {[%emt 0:00:02]} O-O-O {[%emt 0:05:19]} 16. f5 {[%emt 0:01:12]} Kb8 {[%emt 0:02:17]} 17. a4 {[%emt 0:03:54]} a5 {[%emt 0:00:10]} 18. Bb5 {[%emt 0:00:48]} c6 {[%emt 0:00:29]} 19. Bd3 {[%emt 0:00:36]} Ka7 {[%emt 0:00:23]} 20. Rae1 {[%emt 0:00:42]} Rde8 {[%emt 0:01:00]} 21. e6 {[%emt 0:04:08]} fxe6 {[%emt 0:00:05]} 22. fxe6 {[%emt 0:00:02]} Qd8 {[%emt 0:00:20]} 23. Bg6 {[%emt 0:00:35]} Ref8 {[%emt 0:00:05]} 24. Rf7 {[%emt 0:00:09]} Re8 {[%emt 0:00:45]} 25. Rxg7 {[%emt 0:05:10]} Rhg8 {[%emt 0:00:13]} 26. Rxg8 {[%emt 0:01:15]} Rxg8 {[%emt 0:00:01]} 27. Bh5 {[%emt 0:03:13]} Ba6 {[%emt 0:02:23]} 28. Qh7 {[%emt 0:00:20]} 1-0